<?xml version="1.0" encoding="UTF-8"?><?xml-stylesheet type="text/xsl" href="static/style.xsl"?><OAI-PMH xmlns="http://www.openarchives.org/OAI/2.0/" xmlns:xsi="http://www.w3.org/2001/XMLSchema-instance" xsi:schemaLocation="http://www.openarchives.org/OAI/2.0/ http://www.openarchives.org/OAI/2.0/OAI-PMH.xsd"><responseDate>2026-04-14T05:26:38Z</responseDate><request verb="GetRecord" identifier="oai:www.recercat.cat:2072/458341" metadataPrefix="marc">https://recercat.cat/oai/request</request><GetRecord><record><header><identifier>oai:recercat.cat:2072/458341</identifier><datestamp>2025-04-03T06:51:12Z</datestamp><setSpec>com_2072_98</setSpec><setSpec>col_2072_378192</setSpec></header><metadata><record xmlns="http://www.loc.gov/MARC21/slim" xmlns:dcterms="http://purl.org/dc/terms/" xmlns:xsi="http://www.w3.org/2001/XMLSchema-instance" xmlns:doc="http://www.lyncode.com/xoai" xsi:schemaLocation="http://www.loc.gov/MARC21/slim http://www.loc.gov/standards/marcxml/schema/MARC21slim.xsd">
   <leader>00925njm 22002777a 4500</leader>
   <datafield ind2=" " ind1=" " tag="042">
      <subfield code="a">dc</subfield>
   </datafield>
   <datafield ind2=" " ind1=" " tag="720">
      <subfield code="a">Castelló i Tarrida, Antoni</subfield>
      <subfield code="e">author</subfield>
   </datafield>
   <datafield ind2=" " ind1=" " tag="720">
      <subfield code="a">Cladellas, Ramon</subfield>
      <subfield code="e">author</subfield>
   </datafield>
   <datafield ind2=" " ind1=" " tag="260">
      <subfield code="c">2022</subfield>
   </datafield>
   <datafield ind2=" " ind1=" " tag="520">
      <subfield code="a">L'adolescència es caracteritza per ser una etapa amb preses de decisions que poden tenir efectes a llarg termini i conseqüències en la salut mental. Un dels casos més il·lustratius és la decisió dels estudis posteriors a l'ESO i estudis superiors. El grup de recerca COGPRO de la UAB ha desenvolupat un conjunt d'eines informàtiques d'avaluació com a mètode d'orientació professional i acadèmica. Una d'elles, a més, funciona com a predictora de l'ansietat.</subfield>
   </datafield>
   <datafield ind2=" " ind1=" " tag="520">
      <subfield code="a">La adolescencia se caracteriza por ser una etapa con tomas de decisiones que pueden tener efectos a largo plazo y consecuencias en la salud mental. Uno de los casos más ilustrativos es la decisión de los estudios posteriores a la ESO y estudios superiores. El grupo de investigación COGPRO de la UAB ha desarrollado un conjunto de herramientas informáticas como método de orientación profesional y académica. Una de ellas además, funciona como predictora de la ansiedad.</subfield>
   </datafield>
   <datafield ind2=" " ind1=" " tag="520">
      <subfield code="a">Adolescence is characterized by being a stage with decision-making with possible long-term effects and consequences on mental health, the most common case being the decision of post-high school education. The UAB COGPRO research group has developed a set of informatic tools as a method of professional and academic guidance. One of them also works as a predictor of anxiety.</subfield>
   </datafield>
   <datafield ind2="0" ind1="0" tag="245">
      <subfield code="a">Ansietat juvenil : noves eines per a la indecisió vocacional</subfield>
   </datafield>
</record></metadata></record></GetRecord></OAI-PMH>